banner koha

1. Reunião técnica de piscicultura: proposições para a formulação de uma política nacional de pesquisa em aquicultura (Registro n. 86465)

MARC details
000 -LÍDER
Campo de controle fixo 01284nam a22003737a 4500
001 - NÚMERO DE CONTROLE
Número de controle BR2023001936
003 - CÓDIGO MARC DA AGÊNCIA CATALOGADORA
Campo de controle BR-BrBNA
005 - DATA E HORA DA ÚLTIMA ATUALIZAÇÃO
Campo de controle 20231011113807.0
008 - CAMPO DE TAMANHO FIXO
Campo fixo de controle 231011b bl.||||| |||| 00| 0 por d
040 ## - FONTE DA CATALOGAÇÃO
Agência catalogadora BR-BrBNA
Idioma da catalogação por
041 ## - CÓDIGO DO IDIOMA
Código do Idioma por
072 ## - CATEGORIA AGRIS
Código da categoria de assunto/objeto <a href="A50 ; M12 ; D50">A50 ; M12 ; D50</a>
Código do objeto 8105
090 ## - NÚMERO DE CHAMADA
Localização na estante 8105 BR2023001936
100 ## - ENTRADA PRINCIPAL - NOME PESSOAL
Nome pessoal Melo, José Fernando Bibiano de (org.)
100 ## - ENTRADA PRINCIPAL - NOME PESSOAL
Nome pessoal Oliveira, Munique Daniela Maia de (org.)
100 ## - ENTRADA PRINCIPAL - NOME PESSOAL
Nome pessoal Collicchio, Erich (org.)
110 1# - ENTRADA PRINCIPAL - ENTIDADE
9 (RLIN) 5186
Nome da entidade ou lugar Fundação Universidade do Tocantins, Palmas (Brasil)
111 ## - ENTRADA PRINCIPAL - EVENTO
Nome do evento ou lugar 1. Reunião Técnica de Piscicultura: proposições para a formulação de uma política nacional de pesquisa em aquicultura
Local de realização do evento Palmas, TO (Brasil)
Data da realização do evento 07-09 Dec 2004
245 ## - TÍTULO PRINCIPAL
Título principal 1. Reunião técnica de piscicultura: proposições para a formulação de uma política nacional de pesquisa em aquicultura
260 ## - IMPRENTA (PUBLICAÇÃO, DISTRIBUIÇÃO, ETC.)
Lugar de publicação, distribuição, etc. Palmas, TO (Brasil)
Data de publicação, distribuição, etc 2004
300 ## - DESCRIÇÃO FÍSICA
Extensão 67 p.
Detalhes físicos adicionais il.
500 ## - NOTA GERAL
Notas gerais 31 illus.; 5 tables
650 ## - ASSUNTO - THESAGRO
Cabeçalho tópico ou nome geográfico AQUICULTURA
650 ## - ASSUNTO - THESAGRO
Cabeçalho tópico ou nome geográfico PEIXE DE ÁGUA DOCE
650 ## - ASSUNTO - THESAGRO
Cabeçalho tópico ou nome geográfico POLÍTICA DE PESQUISA
650 ## - ASSUNTO - THESAGRO
Cabeçalho tópico ou nome geográfico CRIAÇÃO
650 ## - ASSUNTO - THESAGRO
Cabeçalho tópico ou nome geográfico PRODUÇÃO ANIMAL
650 ## - ASSUNTO - THESAGRO
Cabeçalho tópico ou nome geográfico TANQUE
650 ## - ASSUNTO - THESAGRO
Cabeçalho tópico ou nome geográfico DIAGNÓSTICO
650 ## - ASSUNTO - THESAGRO
Cabeçalho tópico ou nome geográfico MEIO AMBIENTE
650 ## - ASSUNTO - THESAGRO
Cabeçalho tópico ou nome geográfico LEGISLAÇÃO
909 ## - IDENTIFICAÇÃO DO CATALOGADOR
Ano e mês da catalogação (aaaamm) 202310
Identificação do catalogador Fernando
942 ## - TIPO ESPECÍFICO
Tipo de material Livros
952 ## - LOCATION AND ITEM INFORMATION (KOHA)
-- 2023-10-11
Exemplares
Status de empréstimo Fonte de classificação Status de danificação Não pode ser emprestado Código da coleção Localização permanente Localização atual Localização na estante Total Checkouts Número de chamada Código de barras Tipo de material
  Classificação AGRIS     Agrobase Biblioteca Nacional de Agricultura - Binagri Biblioteca Nacional de Agricultura - Binagri Agrobase - Acervo Geral   8105 BR2023001936 2023-436511 Livros

BINAGRI

Telefone: (61)3218-2567/2388/3357/2097 - binagri@agro.gov.br

Ministério da Agricultura e Pecuária , Esplanada dos Ministérios, Bloco D, Anexo B, Brasília/DF, CEP: 70.043-900